Independent preferences.
Dôkaz jednoduchého matematického výsledku, charakterizujúceho podmnožinu množiny produktov a odvodenie ďalších reprezentácii preferencií. Niektoré nepresnosti starších prác a ich odstránenie. Niektoré ekonomické aplikácie tejto dokázanej vety.
Saved in:
| Main Author: | |
|---|---|
| Format: | Book Chapter |
| Language: | English |
| Subjects: | |
| Tags: |
No Tags, Be the first to tag this record!
|
MARC
| LEADER | 00000naa a2200000 4500 | ||
|---|---|---|---|
| 001 | r006909 | ||
| 005 | 20221130103457.7 | ||
| 041 | 0 | |a eng | |
| 044 | |a NL | ||
| 245 | 1 | 0 | |a Independent preferences. |c K. Vind |
| 520 | |a Dôkaz jednoduchého matematického výsledku, charakterizujúceho podmnožinu množiny produktov a odvodenie ďalších reprezentácii preferencií. Niektoré nepresnosti starších prác a ich odstránenie. Niektoré ekonomické aplikácie tejto dokázanej vety. | ||
| 610 | 2 | 0 | |a metódy ekonomicko-matematické |
| 610 | 2 | 0 | |a preferencie |
| 610 | 2 | 0 | |a výrobky |
| 100 | 1 | |a Vind, K. | |